000 01094nam0a22002771 4500
001 rc\1143973
005 20041129084406.8
035 _a(NLR Aleph) 006390096
090 _a5143555
_c5143555
100 _a20041129d1980 u |0rusy50 ca
101 0 _arus
102 _aRU
105 _ay |||||||||
200 1 _aНаучно-техническая программа в торговле
210 _aМ.
_cЦНИИНТЭИ торговли
_d1980
215 _a62 с.
_d20
225 1 _aГосударственная торговля
_iСерия "Торговля"
_eОбзор. информ.
_fЦНИИ науч., техн. и экон. информ. в торговле и обществ. питании
_vВып. 3
300 _aВ надзаг. также: М-во торговли СССР
320 _aБиблиогр.: с. 60
320 _aНа обл. только загл. серии
700 1 _aКоровкин
_bГ. Н.
_gГерман Николаевич
801 0 _aRU
_bNLR
_gpsbo
801 1 _aRU
_bELAR
_2rusmarc
852 _aNLR
_jП22/3526
942 _cBOOK
980 _aNB